000 00412 a2200169 4500
001 188362
020 _a978-85-02-06190-9
040 _cMagnum
100 _aSiqueira, Ethevaldo
240 1 0 _aTecnologias que mudam nossa vida
_lpor
245 1 0 _aTecnologias que mudam nossa vida
300 _a319
362 0 _a2007
440 1 _aSaraiva
697 _aEDUCAÇÃO EM GERAL E DISCIPLINAS AFINS
942 _cBK
999 _c188362
_d188362